| 000 | 00956cac a2200313 i 4500 | ||
|---|---|---|---|
| 003 | EG-GICUC | ||
| 005 | 20260308103427.0 | ||
| 008 | 260308s2007 mnu frb 001 0 eng d | ||
| 020 | _a9780314177186 | ||
| 040 |
_aDLC _cDLC _beng _dEG-GiCUC _erda |
||
| 043 | _an-us--- | ||
| 082 | 0 | 4 |
_221 _a373.1073 |
| 092 | 0 | 4 | _221 |
| 099 | _aLaw 10 2007 | ||
| 100 | 1 | _aDressler, Joshua. | |
| 245 | 1 | 0 |
_aTeacher's manual to accompany Cases and materials on criminal law / _cby Joshua Dressler. |
| 246 | 3 | 0 | _aCriminal law |
| 250 | _a4th edition. | ||
| 264 |
_aSt. Paul, MN : _bThomson/West, _c2007. |
||
| 300 |
_avarious pages ; _c26 cm. |
||
| 336 |
_atext _btxt _2rdacontent |
||
| 337 |
_aunmediated _bn _2rdamedia |
||
| 338 |
_avolume _bnc _2rdacarrier |
||
| 490 | 0 | _aAmerican casebook series | |
| 650 | 0 |
_aCriminal law _zUnited States _vCases. |
|
| 856 | 4 | 0 | _uhttps://fll.law.cu.edu.eg/fulltext/bks/ENGB10-00025.pdf |
| 905 | _a10 | ||
| 942 |
_2ddc _cBK _e21 _n0 |
||
| 999 |
_c65819 _d65819 |
||